| 000 | 00652nam a22002177a 4500 | ||
|---|---|---|---|
| 999 |
_c33890 _d33890 |
||
| 001 | 3197 | ||
| 003 | CO-MdFUSB | ||
| 005 | 20180622073133.0 | ||
| 008 | 180509t19601966xxu||||| |||| 00| 0 eng d | ||
| 040 |
_aCO-MdFUSB _bspa _cCO-MdFUSB _dCO-MdFUSBC _erda |
||
| 041 | 0 | _aeng | |
| 082 | 0 | 4 | _aG 230 G554t |
| 245 | 2 |
_aA theology reader _c / Rodert W. Gleason, editor |
|
| 264 | 4 |
_aNew York, USA : _bMacMillan, _c©1960-1966 |
|
| 300 | _axii, 333 Pag | ||
| 336 |
_2rdacontent _atexto _btxt |
||
| 337 |
_2rdamedia _asin mediación _bn |
||
| 338 |
_2rdacarrier _avolumen _bnc |
||
| 650 | 0 |
_aTeología dogmática _91260 _xHistoria _yEdad Media, 600-1500 |
|
| 942 | _cBK | ||